Cultura actual y pastoral juvenil.

Đã lưu trong:
Chi tiết về thư mục
Tác giả chính: Rojano Martínez, Jesús (autor)
Định dạng: Sách
Được phát hành: Madrid, España: CCS, 2014.
Loạt:Colección Agentes PJ
Những chủ đề:
Các nhãn: Thêm thẻ
Không có thẻ, Là người đầu tiên thẻ bản ghi này!

MARC

LEADER 00000nam a22000007a 4500
003 CL-VaPUC
005 20231128160443.0
008 231122t2014 ||||| |||| 00| 0 eng d
999 |c 442550  |d 442548 
020 |a 978-84-9023-164-7 
040 |c Pontificia Universidad Católica de Valparaíso 
082 0 4 |2 22  |a 253 ROJ 2014 
100 1 |a Rojano Martínez, Jesús  |e autor  |9 886106 
245 1 0 |a Cultura actual y pastoral juvenil. 
260 |a Madrid, España:  |b CCS,  |c 2014. 
300 |a 184 páginas. 
490 0 |a Colección Agentes PJ  |n  12. 
500 |a c.1 Donación Cristian Eichin OFM. Memo 7/2023 
583 |c 20231122  |k Catalogador Asistente 
650 1 |a Pastoral juvenil  |9 886185 
650 1 |a Jóvenes   |x Vida religiosa  |9 886186 
650 1 |a Iglesia y cultura  |9 656061 
942 |2 ddc  |c BK 
952 |0 0  |1 0  |2 ddc  |4 0  |6 253_000000000000000_ROJ_2014  |7 0  |8 A  |9 592613  |a BIBTEO  |b BIBTEO  |c GEN  |d 2023-11-22  |e Donación  |i 5659577  |o 253 ROJ 2014  |p 5659577  |r 2025-01-17  |t 1  |w 2023-11-22  |y BK  |k ICR